• 首页
  • 本馆介绍
  • 公告通知
  • 最新文献
  • 馆藏检索
  • 电子资源
  • 读者导购
  • 参考咨询
  • 我的图书馆
  • 登录
  • 详细信息显示
  • 放入我的书架
  • 预约/预借图书
  • 作者相关作品
  • 分类相关作品
  • 丛书相关作品
  • 出版社相关作品

书目信息

  • 表格格式
  • 工作单格式
  • 卡片格式
题名:
语篇理解研究
    
 
作者: 鲁忠义 , 彭聃龄 著
分册:  
出版信息: 北京   北京语言文化大学出版社  2003
页数: 277页
开本: 20cm
丛书名:
单 册:
中图分类: H03
科图分类:
主题词: 汉语--语言学--研究
电子资源:
ISBN: 7-5619-1122-X
000 00611nam0 2200205 45
001 0312240802
005 20070720155338.42
010    @a7-5619-1122-X@dCNY17.00
100    @a20031224d2003 km y0chiy0120 ea
101 0  @achi
200 1  @a语篇理解研究@AYu Pian Li Jie Yan Jiu@f鲁忠义,彭聃龄著@FLu Zhong Yi,Peng Dan Ling Zhu
210    @a北京@c北京语言文化大学出版社@d2003
215    @a277页@d20cm
300    @a国家哲学社会科学研究规划基金资助课题
606 0  @a汉语@x语言学@x研究
690    @aH03@v4
701  0 @a鲁忠义@4著
701  0 @a彭聃龄@4著
801    @aCN@bTSTC@c20070720
905    @b330457-461@dH03@e40@f5
    
    语篇理解研究/鲁忠义,彭聃龄著.-北京:北京语言文化大学出版社,2003
    277页;20cm
    国家哲学社会科学研究规划基金资助课题
    
    ISBN 7-5619-1122-X:CNY17.00
    
●
相关链接 在E读中查询图书 在五车中查询图书 在当当中查询图书 在豆瓣中查询图书


正题名:语篇理解研究     索取号:H03/40         预约/预借

序号 登录号 条形码 馆藏地/架位号 状态 备注
1 0330457   203304575   第四借阅区/ [索取号:H03/40] 在馆    
2 0330458   203304584   第四借阅区/ [索取号:H03/40] 在馆    
3 0330459   203304593   第四借阅区/ [索取号:H03/40] 在馆    
4 0330460   203304600   第四借阅区/ [索取号:H03/40] 在馆    
5 0330461   203304619   第二样本阅览室/ [索取号:H03/40] 在馆    
6 0769055   207690550   密集书库/ [索取号:H03/40] 在馆    
唐山师范学院图书馆 欢迎您!
大连网信软件有限公司© 版权所有